Thủy văn công trình

Đã lưu trong:
Chi tiết về thư mục
Tác giả chính: Lê Trần Chương
Định dạng: Sách
Ngôn ngữ:Vietnamese
Được phát hành: Khoa học và kỹ thuật 2002
Các nhãn: Thêm thẻ
Không có thẻ, Là người đầu tiên thẻ bản ghi này!
Thư viện lưu trữ: Mạng thư viện Đại học Đà Nẵng
LEADER 00633nam a2200253 4500
001 000021893
003 18341
005 20150423160420.0
008 150423s2002 viesd
020 |c 22000 
041 0 |a vie 
082 1 4 |a 551,48  |b LÊ-C 
100 1 |a Lê Trần Chương 
245 1 0 |a Thủy văn công trình  |c Lê Trần Chương 
260 |b Khoa học và kỹ thuật  |c 2002 
300 |a tr.  |c cm. 
OWN |a LSP 
999 |a From the UDN01 
TYP |a Monograph 
TYP |a Printed language 
980 |a Mạng thư viện Đại học Đà Nẵng